[Event "Olympiad Women-41"]
[Site "Tromsoe"]
[Date "2014.08.14"]
[Round "11.3"]
[White "Tsoi, Nicole"]
[Black "Granados Diaz, Maria Esther"]
[Result "1-0"]
[WhiteElo "1787"]
[BlackElo "1899"]
[PlyCount "25"]
[EventDate "2014.08.02"]
[EventType "team-swiss"]
[EventRounds "11"]
[EventCountry "NOR"]
[SourceTitle "CBM 162"]
[Source "ChessBase"]
[SourceDate "2014.09.17"]
[SourceVersion "1"]
[SourceVersionDate "2014.09.17"]
[SourceQuality "1"]
[WhiteTeam "New Zealand (W)"]
[BlackTeam "Nicaragua (W)"]
[WhiteTeamCountry "NZL"]
[BlackTeamCountry "NCA"]

1. d4 Nf6 2. Bf4 c5 3. e3 cxd4 4. exd4 g6 5. c3 Bg7 6. Nf3 0-0 7. Bc4 a6 8. a4 d6 9. 0-0 Nbd7 10. Re1 b6 11. Qe2 Re8 12. Bxf7+ Kxf7 13. Ng5+ 1-0

[Event "Olympiad Women-41"]
[Site "Tromsoe"]
[Date "2014.08.06"]
[Round "5.3"]
[White "Tsoi, Nicole"]
[Black "Smith, Annesha"]
[Result "0-1"]
[WhiteElo "1787"]
[BlackElo "1768"]
[PlyCount "64"]
[EventDate "2014.08.02"]
[EventType "team-swiss"]
[EventRounds "11"]
[EventCountry "NOR"]
[SourceTitle "CBM 162"]
[Source "ChessBase"]
[SourceDate "2014.09.17"]
[SourceVersion "1"]
[SourceVersionDate "2014.09.17"]
[SourceQuality "1"]
[WhiteTeam "New Zealand (W)"]
[BlackTeam "Jamaica (W)"]
[WhiteTeamCountry "NZL"]
[BlackTeamCountry "JAM"]

1. d4 Nf6 2. Bf4 b6 3. e3 Bb7 4. Nd2 g6 5. Ngf3 Bg7 6. h3 0-0 7. Be2 d6 8. 0-0 Nbd7 9. c3 Re8 10. Nc4 e6 11. Rc1 Qe7 12. b4 e5 13. dxe5 dxe5 14. Nfxe5 Nd5 15. Nxd7 Nxf4 16. exf4 Qxe2 17. Qxe2 Rxe2 18. a3 f6 19. Rfe1 Rxe1+ 20. Rxe1 Kf7 21. Nde5+ fxe5 22. Nxe5+ Bxe5 23. Rxe5 Re8 24. g4 Rxe5 25. fxe5 g5 26. Kh2 Ke6 27. Kg3 Kxe5 28. a4 a6 29. h4 h6 30. h5 Bc6 31. a5 b5 32. f3 Bd5 0-1

[Event "Olympiad Women-40"]
[Site "Istanbul"]
[Date "2012.08.31"]
[Round "4.3"]
[White "Boyarchenko, Vlada"]
[Black "Tsoi, Nicole"]
[Result "1/2-1/2"]
[WhiteElo "1755"]
[BlackElo "1786"]
[PlyCount "91"]
[EventDate "2012.08.28"]
[EventType "team-swiss"]
[EventRounds "11"]
[EventCountry "TUR"]
[SourceTitle "CBM 150 Extra"]
[Source "ChessBase"]
[SourceDate "2012.10.19"]
[SourceVersion "1"]
[SourceVersionDate "2012.10.19"]
[SourceQuality "1"]
[WhiteTeam "Luxembourg (W)"]
[BlackTeam "New Zealand (W)"]
[WhiteTeamCountry "LUX"]
[BlackTeamCountry "NZL"]

1. e4 e6 2. d4 d5 3. Nc3 Bb4 4. exd5 exd5 5. Bd3 Nf6 6. Nge2 Nc6 7. a3 Bxc3+ 8. bxc3 0-0 9. 0-0 Ne4 10. f3 Nd6 11. Nf4 Ne7 12. Qe1 c6 13. Qf2 Bf5 14. Re1 Re8 15. Bd2 Qd7 16. Re2 Ng6 17. Rae1 Rxe2 18. Rxe2 Nc4 19. Bxc4 dxc4 20. Nxg6 Bxg6 21. Bc1 Re8 22. Kf1 h6 23. Bb2 Rxe2 24. Qxe2 Qf5 25. Kf2 Qxc2 26. Qxc2 Bxc2 27. Ke3 g5 28. f4 f6 29. Kf3 Bf5 30. g4 Bc2 31. fxg5 hxg5 32. Kg3 Kf7 33. h4 gxh4+ 34. Kxh4 Kg6 35. Bc1 Kf7 36. Kh5 Ke6 37. Kh6 Bd1 38. g5 fxg5 39. Kxg5 Kd5 40. Kf4 Kd6 41. Be3 Kc7 42. Bc1 Kb6 43. Ke3 Bc2 44. Ke2 Kb5 45. Bf4 Ka4 46. Bd6 1/2-1/2

[Event "Queenstown op"]
[Site "Queenstown"]
[Date "2012.01.21"]
[Round "7"]
[White "Tsoi, Nicole"]
[Black "Jackson, L Ross"]
[Result "1-0"]
[WhiteElo "1715"]
[BlackElo "1947"]
[PlyCount "111"]
[EventDate "2012.01.15"]
[EventType "swiss"]
[EventRounds "9"]
[EventCountry "NZL"]
[SourceTitle "CBM 146 Extra"]
[Source "ChessBase"]
[SourceDate "2012.02.29"]
[SourceVersion "1"]
[SourceVersionDate "2012.02.29"]
[SourceQuality "1"]

1. d4 d5 2. Bf4 Nf6 3. e3 e6 4. Nf3 c5 5. c3 Nc6 6. Nbd2 Be7 7. Bd3 Nh5 8. Bg3 Nxg3 9. hxg3 h6 10. Ne5 Nxe5 11. dxe5 Qb6 12. Rb1 Bd7 13. Qg4 g5 14. c4 0-0-0 15. Qe2 f6 16. exf6 Bxf6 17. 0-0 Qd6 18. Rfc1 Bc6 19. Rd1 h5 20. cxd5 Bxd5 21. Ne4 Bxe4 22. Bxe4 Qc7 23. b3 h4 24. g4 Rxd1+ 25. Rxd1 Rd8 26. Rc1 Be7 27. b4 b6 28. bxc5 Bxc5 29. Qb5 Rd6 30. Qe8+ Qd8 31. Qf7 Rd1+ 32. Rxd1 Qxd1+ 33. Kh2 Bd6+ 34. f4 Qxg4 35. Qe8+ Kc7 36. Qc6+ Kd8 37. Qxd6+ Kc8 38. Qd2 Qg3+ 39. Kh1 h3 40. gxh3 Qxh3+ 41. Kg1 gxf4 42. exf4 Qg3+ 43. Bg2 Kc7 44. Kf1 Qa3 45. Be4 Qh3+ 46. Kf2 Qa3 47. Qc2+ Kd6 48. Qd3+ Qxd3 49. Bxd3 a5 50. Bc4 e5 51. f5 e4 52. f6 b5 53. f7 Ke7 54. Bd5 b4 55. Ke3 a4 56. Kxe4 1-0

[Event "Queenstown op"]
[Site "Queenstown"]
[Date "2012.01.17"]
[Round "3"]
[White "Davis, Justin"]
[Black "Tsoi, Nicole"]
[Result "0-1"]
[WhiteElo "1985"]
[BlackElo "1715"]
[PlyCount "128"]
[EventDate "2012.01.15"]
[EventType "swiss"]
[EventRounds "9"]
[EventCountry "NZL"]
[SourceTitle "CBM 146 Extra"]
[Source "ChessBase"]
[SourceDate "2012.02.29"]
[SourceVersion "1"]
[SourceVersionDate "2012.02.29"]
[SourceQuality "1"]

1. d4 e6 2. c4 f5 3. g3 Nf6 4. Bg2 Be7 5. Nc3 d6 6. e4 Nc6 7. Nge2 e5 8. d5 Nb8 9. f4 0-0 10. 0-0 fxe4 11. Nxe4 Nxe4 12. Bxe4 Bh3 13. Bg2 Bf5 14. b4 Nd7 15. Bb2 Bf6 16. fxe5 Bxe5 17. Nd4 Qg5 18. Ne6 Qe3+ 19. Kh1 Bxb2 20. Nxf8 Rxf8 21. Rf3 Qd4 22. Qxd4 Bxd4 23. Rd1 Be5 24. Rxf5 Rxf5 25. Bh3 Rf7 26. Be6 Nf8 27. Bxf7+ Kxf7 28. c5 Ke7 29. a4 Nd7 30. c6 bxc6 31. dxc6 Nb6 32. a5 Nc4 33. Rd5 a6 34. b5 Nxa5 35. bxa6 Nxc6 36. Rb5 Kd7 37. Rb8 Bd4 38. Rh8 Nb4 39. Rxh7 Nxa6 40. Kg2 c5 41. Kf3 Kc6 42. Ke2 Kb5 43. Rh8 c4 44. h4 Nb4 45. h5 c3 46. g4 c2 47. Rc8 Bf6 48. Kf3 Bg5 49. Ke4 c1Q 50. Rxc1 Bxc1 51. Kf5 d5 52. g5 Bb2 53. Kg6 Be5 54. Kf5 Nc6 55. g6 Kc4 56. Ke6 d4 57. Kd7 d3 58. Kxc6 d2 59. Kd7 d1Q+ 60. Ke7 Qd6+ 61. Kf7 Qf6+ 62. Kg8 Qg5 63. Kf8 Qxh5 64. Kf7 Qf5+ 0-1

[Event "George Trundle Qualifier"]
[Site "Auckland"]
[Date "2011.07.24"]
[Round "9"]
[White "Tsoi, Nicole"]
[Black "Goodhue, Nathan"]
[Result "0-1"]
[WhiteElo "1716"]
[BlackElo "1982"]
[PlyCount "72"]
[EventDate "2011.07.16"]
[EventType "tourn"]
[EventRounds "9"]
[EventCountry "NZL"]
[SourceTitle "EXT 2018"]
[Source "ChessBase"]
[SourceDate "2017.10.13"]
[SourceVersion "1"]
[SourceVersionDate "2017.10.13"]
[SourceQuality "1"]

1. e4 c5 2. Nc3 Nc6 3. d3 e6 4. g3 d5 5. Bg2 d4 6. Nce2 e5 7. f4 f6 8. Nf3 Be7 9. 0-0 Be6 10. Rf2 g5 11. fxe5 fxe5 12. Qd2 h6 13. b3 g4 14. Ne1 b5 15. c3 b4 16. c4 a5 17. Qb2 h5 18. Nc2 Nh6 19. Bd2 Nf7 20. Raf1 Ng5 21. Bc1 Kd7 22. Kh1 Qg8 23. Ne1 Qg6 24. Qd2 Rh7 25. Qc2 Rah8 26. Bxg5 Bxg5 27. Rf8 Qg7 28. Rxh8 Rxh8 29. Kg1 Be3+ 30. Kh1 Qh6 31. Nf3 gxf3 32. Bxf3 Rf8 33. Ng1 h4 34. gxh4 Bxg1 35. Kxg1 Qe3+ 36. Qf2 Rxf3 0-1

[Event "George Trundle Qualifier"]
[Site "Auckland"]
[Date "2011.07.16"]
[Round "1"]
[White "Tsoi, Nicole"]
[Black "Gao, Hans"]
[Result "1-0"]
[WhiteElo "1716"]
[BlackElo "1917"]
[PlyCount "81"]
[EventDate "2011.07.16"]
[EventType "tourn"]
[EventRounds "9"]
[EventCountry "NZL"]
[SourceTitle "EXT 2018"]
[Source "ChessBase"]
[SourceDate "2017.10.13"]
[SourceVersion "1"]
[SourceVersionDate "2017.10.13"]
[SourceQuality "1"]

1. e4 c5 2. Nc3 Nc6 3. d3 e6 4. g3 g6 5. Bg2 Bg7 6. Nge2 Nge7 7. 0-0 0-0 8. Rb1 d6 9. Be3 Nd4 10. f4 Nec6 11. Bf2 Qa5 12. a3 Rd8 13. Nxd4 Nxd4 14. Ne2 Nxe2+ 15. Qxe2 Rb8 16. Rfd1 b6 17. Qd2 Qa4 18. c3 Bb7 19. Qe2 Rbc8 20. Kh1 b5 21. Kg1 Qb3 22. Rdc1 Qa4 23. Kh1 h6 24. Kg1 b4 25. axb4 cxb4 26. c4 Qc6 27. Be1 a5 28. Bf2 Ra8 29. b3 a4 30. bxa4 Qxa4 31. d4 Bc6 32. Qb2 Rdb8 33. Ra1 Qa3 34. Rxa3 bxa3 35. Qd2 a2 36. Qe1 Ba4 37. e5 d5 38. cxd5 Bc2 39. dxe6 Ra3 40. exf7+ Kh8 41. e6 1-0

[Event "Oceania zt (Women)"]
[Site "Rotorua"]
[Date "2011.01.29"]
[Round "7"]
[White "Smith, Vivian J"]
[Black "Tsoi, Nicole"]
[Result "1/2-1/2"]
[WhiteElo "1810"]
[BlackElo "1675"]
[PlyCount "60"]
[EventDate "2011.01.25"]
[EventType "tourn"]
[EventRounds "11"]
[EventCountry "NZL"]
[SourceTitle "EXT 2012"]
[Source "ChessBase"]
[SourceDate "2011.11.24"]
[SourceVersion "1"]
[SourceVersionDate "2011.11.24"]
[SourceQuality "1"]

1. e4 e6 2. d4 d5 3. Nc3 Bb4 4. e5 Ne7 5. a3 Bxc3+ 6. bxc3 c5 7. Nf3 Bd7 8. Bd2 Ba4 9. Be2 Nbc6 10. 0-0 Qc7 11. Bd3 c4 12. Be2 0-0-0 13. Bg5 Rdf8 14. Bxe7 Qxe7 15. Qd2 f6 16. Bd1 fxe5 17. Nxe5 Nxe5 18. dxe5 h5 19. Qe3 b6 20. Rb1 Rf5 21. Rb4 b5 22. f3 Rhf8 23. Rb1 g5 24. Re1 R8f7 25. Ra1 Qf8 26. Rf1 Qg7 27. Re1 g4 28. Kh1 h4 29. Qc5+ Rc7 30. Qe3 Rcf7 1/2-1/2

[Event "Oceania zt (Women)"]
[Site "Rotorua"]
[Date "2011.01.27"]
[Round "4"]
[White "Tsoi, Nicole"]
[Black "Guo, Emma"]
[Result "0-1"]
[WhiteElo "1675"]
[BlackElo "1969"]
[PlyCount "70"]
[EventDate "2011.01.25"]
[EventType "tourn"]
[EventRounds "11"]
[EventCountry "NZL"]
[SourceTitle "EXT 2012"]
[Source "ChessBase"]
[SourceDate "2011.11.24"]
[SourceVersion "1"]
[SourceVersionDate "2011.11.24"]
[SourceQuality "1"]

1. d4 Nf6 2. Bf4 g6 3. Nf3 Bg7 4. e3 d6 5. Be2 0-0 6. h3 b6 7. 0-0 Bb7 8. Nbd2 Nbd7 9. c3 c5 10. Rc1 a6 11. Re1 Qc7 12. Bh2 Ne4 13. Nxe4 Bxe4 14. Nd2 Bc6 15. Bf3 b5 16. Qe2 Rfc8 17. Bxc6 Qxc6 18. Qf3 Qc7 19. Nb3 a5 20. a3 a4 21. Nxc5 Nxc5 22. dxc5 Qxc5 23. Re2 Ra6 24. Qe4 d5 25. Qd3 Rac6 26. Rd1 e6 27. e4 d4 28. cxd4 Qxd4 29. Bf4 Qxd3 30. Rxd3 h5 31. Kh2 Rc4 32. f3 b4 33. Bd6 b3 34. Rdd2 Rc2 35. f4 Bxb2 0-1

[Event "NZL-ch Major op"]
[Site "Auckland"]
[Date "2011.01.04"]
[Round "3"]
[White "Jia, Hao"]
[Black "Tsoi, Nicole"]
[Result "0-1"]
[WhiteElo "1459"]
[BlackElo "1711"]
[PlyCount "68"]
[EventDate "2011.01.02"]
[EventType "swiss"]
[EventRounds "11"]
[EventCountry "NZL"]
[SourceTitle "EXT 2018"]
[Source "ChessBase"]
[SourceDate "2017.10.13"]
[SourceVersion "1"]
[SourceVersionDate "2017.10.13"]
[SourceQuality "1"]

1. e4 e6 2. d4 d5 3. exd5 exd5 4. c4 Bb4+ 5. Nc3 Ne7 6. Qb3 Nbc6 7. Be3 0-0 8. Nf3 Bf5 9. Be2 Bxc3+ 10. bxc3 dxc4 11. Bxc4 Na5 12. Qb4 Nxc4 13. Qxc4 Qd6 14. 0-0 a6 15. Rfe1 b5 16. Qb3 Nc6 17. a3 Na5 18. Qb4 Qxb4 19. cxb4 Nc4 20. Ne5 Rfe8 21. Rac1 Be6 22. Bf4 Rac8 23. Rc3 Bd5 24. Rec1 Re7 25. h3 c6 26. g4 f6 27. Nd3 Re4 28. Bg3 Rxd4 29. Nc5 Ra8 30. Re1 Kf7 31. Nb7 Re8 32. Rxe8 Rd1+ 33. Re1 Rxe1+ 34. Kh2 Rh1# 0-1

[Event "North Island-ch"]
[Site "Auckland"]
[Date "2010.07.15"]
[Round "6"]
[White "Lim, Benjamin U"]
[Black "Tsoi, Nicole"]
[Result "1-0"]
[WhiteElo "2041"]
[BlackElo "1707"]
[PlyCount "117"]
[EventDate "2010.07.12"]
[EventType "swiss"]
[EventRounds "8"]
[EventCountry "NZL"]
[SourceTitle "EXT 2018"]
[Source "ChessBase"]
[SourceDate "2017.10.13"]
[SourceVersion "1"]
[SourceVersionDate "2017.10.13"]
[SourceQuality "1"]

1. d4 e6 2. c4 f5 3. g3 Nf6 4. Bg2 Be7 5. Nf3 0-0 6. 0-0 d6 7. Nc3 Ne4 8. Qc2 Nxc3 9. Qxc3 Bf6 10. Bf4 Nd7 11. Qe3 Qe7 12. Bg5 e5 13. Bxf6 Qxf6 14. dxe5 dxe5 15. Qg5 c6 16. Rad1 e4 17. Qxf6 Rxf6 18. Nd4 Ne5 19. b3 Be6 20. Nc2 Re8 21. f3 exf3 22. exf3 f4 23. g4 g5 24. Rfe1 Bf7 25. Nd4 Bg6 26. c5 Rf7 27. Bf1 Rfe7 28. Kf2 Bd3 29. Rxe5 Rxe5 30. Bxd3 Rxc5 31. Bc4+ Kh8 32. Nf5 b5 33. Bd3 Rd5 34. Bc2 Rxd1 35. Bxd1 Re5 36. Bc2 Kg8 37. Be4 c5 38. Nd6 a6 39. Ke2 Re6 40. Nf5 Kf8 41. Kd3 Re8 42. a4 Rd8+ 43. Kc3 Kf7 44. axb5 axb5 45. Bc6 b4+ 46. Kc4 Ke6 47. Kxc5 Rd2 48. h4 gxh4 49. Nxh4 Rc2+ 50. Kb5 Kd6 51. Nf5+ Kc7 52. Be4 Rh2 53. Kxb4 h5 54. gxh5 Rxh5 55. Kc5 Rh2 56. b4 Rb2 57. Nd4 Kb8 58. Ne6 Rf2 59. Nxf4 1-0

[Event "NZL-ch Major"]
[Site "Auckland"]
[Date "2010.01.10"]
[Round "9"]
[White "Lyall, Simon"]
[Black "Tsoi, Nicole"]
[Result "0-1"]
[WhiteElo "1626"]
[BlackElo "1614"]
[PlyCount "74"]
[EventDate "2010.01.02"]
[EventType "swiss"]
[EventRounds "11"]
[EventCountry "NZL"]
[SourceTitle "CBM 134 Extra"]
[Source "ChessBase"]
[SourceDate "2010.03.03"]
[SourceVersion "1"]
[SourceVersionDate "2010.03.03"]
[SourceQuality "1"]

1. e4 e6 2. d4 d5 3. e5 c5 4. c3 Nc6 5. Nf3 Bd7 6. Be2 Qc7 7. 0-0 f6 8. Bf4 Rc8 9. Bg3 Qb6 10. b3 Be7 11. Bd3 Nh6 12. Re1 0-0 13. Bc2 cxd4 14. cxd4 Nb4 15. Re2 Nxc2 16. Rxc2 Rxc2 17. Qxc2 Rc8 18. Qd1 Nf5 19. exf6 Bxf6 20. Ne5 Qxd4 21. Nc3 Bxe5 22. Bxe5 Qxe5 23. Ne2 Bb5 24. Ng3 Nxg3 25. hxg3 Qb2 26. Kh2 Qxf2 27. Qg4 Qf5 28. Qb4 Bc6 29. Qd4 a6 30. Re1 Rf8 31. Kg1 Rf6 32. Qb6 h6 33. Qd8+ Kh7 34. Qa5 Qf2+ 35. Kh1 Qxg3 36. Qd2 d4 37. Rd1 Rf2 0-1

[Event "NZL-ch Major"]
[Site "Auckland"]
[Date "2010.01.09"]
[Round "8"]
[White "Tsoi, Nicole"]
[Black "Li, Zuhao Luke"]
[Result "0-1"]
[WhiteElo "1614"]
[BlackElo "1498"]
[PlyCount "102"]
[EventDate "2010.01.02"]
[EventType "swiss"]
[EventRounds "11"]
[EventCountry "NZL"]
[SourceTitle "CBM 134 Extra"]
[Source "ChessBase"]
[SourceDate "2010.03.03"]
[SourceVersion "1"]
[SourceVersionDate "2010.03.03"]
[SourceQuality "1"]

1. d4 c5 2. d5 e5 3. c4 d6 4. e4 Nf6 5. Nc3 g6 6. Nf3 Bg4 7. Be2 Bg7 8. 0-0 Bxf3 9. Bxf3 0-0 10. Be3 Kh8 11. g3 Nbd7 12. Qd2 Ng8 13. Bg2 Ndf6 14. h3 Nd7 15. f4 exf4 16. Bxf4 Ne5 17. Qe2 Ne7 18. Rac1 f5 19. b3 a6 20. Qd2 Qd7 21. Kh2 b5 22. Qe2 Rab8 23. cxb5 axb5 24. Nd1 Rf7 25. Nf2 h6 26. Nd3 Nxd3 27. Qxd3 g5 28. Bd2 b4 29. Qe2 Be5 30. Rc2 Rbf8 31. Qh5 Rh7 32. Bc1 Ng8 33. Qe2 Rhf7 34. Bb2 f4 35. Bxe5+ dxe5 36. gxf4 Rxf4 37. Rxf4 Rxf4 38. Rxc5 Nf6 39. Rc4 Qd6 40. Qd2 Qb6 41. Rxb4 Qd6 42. Rc4 g4 43. Qe2 g3+ 44. Kxg3 Nxd5 45. a4 Rf8 46. a5 Nf4 47. Qg4 h5 48. Qh4 Rg8+ 49. Kf3 Qd3+ 50. Kf2 Qe2+ 51. Kg1 Qxg2# 0-1